Priniciples of Electrical Machine Design (Record no. 4437)

MARC details
000 -LEADER
fixed length control field 00420nam a22001697a 4500
005 - DATE AND TIME OF LATEST TRANSACTION
control field 20160628141920.0
008 - FIXED-LENGTH DATA ELEMENTS--GENERAL INFORMATION
fixed length control field 160628b xxu||||| |||| 00| 0 eng d
020 ## - INTERNATIONAL STANDARD BOOK NUMBER
ISBN 978-93-80027-12-8
041 ## - LANGUAGE CODE
Language code of text/sound track or separate title eng
082 ## - DEWEY DECIMAL CLASSIFICATION NUMBER
Item number 11205
100 ## - MAIN ENTRY--AUTHOR NAME
Personal name Agarwal, R.K.
245 ## - TITLE STATEMENT
Title Priniciples of Electrical Machine Design
260 ## - PUBLICATION, DISTRIBUTION, ETC. (IMPRINT)
Name of publisher Katson Books
Year of publication 2012
300 ## - PHYSICAL DESCRIPTION
Number of Pages 16.5
650 ## - SUBJECT ADDED ENTRY--TOPICAL TERM
Topical Term Diploma Engineering
942 ## - ADDED ENTRY ELEMENTS (KOHA)
Koha item type Books
Holdings
Lost status Damaged status Home library Current library Shelving location Date acquired Cost, normal purchase price Full call number Accession Number Koha item type
    JRU Library   SHELF-40-F 28/06/2016 275.00 11205 11205 Books
    JRU Library   SHELF-39-A 28/06/2016 275.00 11205 11206 Books
    JRU Library   SHELF-40-D 28/06/2016 275.00 11205 11207 Books
    JRU Library   SHELF-39-A 28/06/2016 275.00 11205 11208 Books
    JRU Library   SHELF-39-A 28/06/2016 275.00 11205 11209 Books
    JRU Library   SHELF-40-F 28/06/2016 275.00 11205 11210 Books
    JRU Library   SHELF-40-D 28/06/2016 275.00 11205 11211 Books
    JRU Library     28/06/2016 275.00 11205 11212 Books
    JRU Library   SHELF-40-A 28/06/2016 275.00 11205 11213 Books
    JRU Library   SHELF-39-A 28/06/2016 275.00 11205 11214 Books